Bienal Brasileira de Design 2015 Floripa: design para todos

Gorde:
Xehetasun bibliografikoak
Formatua: Liburua
Hizkuntza:portugesa
ingelesa
Argitaratua: Sao Paulo Edgard Blücher 2015
Gaiak:
Etiketak: Etiketa erantsi
Etiketarik gabe, Izan zaitez lehena erregistro honi etiketa jartzen!

MARC

LEADER 00000cam a2200000 a 4500
001 UCD4624
003 CL-VaPUC
005 20211029121932.0
008 160713e20150000bl 1 por d
999 |c 384850  |d 384848 
020 |a 9788521209539 
040 |c Pontificia Universidad Católica de Valparaíso 
041 0 7 |a por  |2 CL-VaPUC 
041 0 7 |a eng  |2 CL-VaPUC 
082 0 4 |a 745.44981 BIE 2015  |2 21 
245 1 0 |a Bienal Brasileira de Design 2015 Floripa: design para todos 
260 |a Sao Paulo  |b Edgard Blücher  |c 2015 
300 |a 329 páginas 
518 |p Bienal Brasileira Design Floripa 2015, 1, Florianópolis, 2015 
546 |a En Portugués 
546 |a En Inglés 
583 |a last modification  |c 20190909 10:16:58  |k Rodrigo Vera 
650 0 0 |a Bienal  |9 557313 
650 0 7 |a EXPOSICIONES ARTISTICAS  |2 CL-VaPUC  |9 622205 
650 0 0 |a Diseño  |9 260483 
650 0 0 |a Diseño artístico  |9 330956 
942 |c BK  |2 ddc 
945 |a arojas  |d 20160713 20:53:00 
952 |0 0  |1 0  |2 ddc  |3 erd  |4 0  |6 745_449810000000000_BIE_2015  |7 0  |8 A  |9 507847  |a BIBARQ  |b BIBARQ  |i 5298342  |l 1  |o 745.44981 BIE 2015  |p 5298342  |r 2025-01-20  |s 2022-04-11  |t 1  |w 2020-01-23  |y BK  |z Catalogado en:20160713  |k ARQ